Muslims` Affliction (Record no. 4979)

MARC details
000 -LEADER
fixed length control field 00618nam a2200241 a 4500
020 ## - INTERNATIONAL STANDARD BOOK NUMBER
ISBN
082 00 - DEWEY DECIMAL CLASSIFICATION NUMBER
Classification number 305.6297054
Author Cutter ZAK
100 ## - MAIN ENTRY--AUTHOR NAME
Author name Zakariyya, M M Hadith
245 ## - TITLE STATEMENT
Title Muslims` Affliction
Sub title a Study of Causes and Their Remedy
260 ## - PUBLICATION, DISTRIBUTION, ETC. (IMPRINT)
Place of publication New Delhi
Name of publisher Kitab Bhavan
Year of publication 1977
300 ## - PHYSICAL DESCRIPTION
Number of Pages 90p.
500 ## - GENERAL NOTE
General note includes index and biblioraphy
505 2# - FORMATTED CONTENTS NOTE
Formatted contents note 3 parts
650 ## - SUBJECT ADDED ENTRY--TOPICAL TERM
Topical Term Muslims-India
942 ## - ADDED ENTRY ELEMENTS (KOHA)
Koha item type Books
700 1# -
-- Zakariyya, M M Hadith
Holdings
Collection code Home library Current library Date acquired Cost, normal purchase price Full call number Accession Number Koha item type
  Henry Martyn Institute Library Henry Martyn Institute Library 03/28/2007 100.00 305.6297054 ZAK 09903 Books
                   Copyright © 2026 | Henry Martyn Institute | Hyderabad | TS-500052 | INDIA | Implemented by hmi.edu.in
Hit-Count:

Powered by Koha